000 01505cam a2200373 a 4500
001 3485549
003 EG-ScBUE
005 20220912100159.0
008 940706t1995 nyua f bf 001 0 eng d
020 _a007016301X (acidfree paper)
040 _aDLC
_beng
_erda
_cDLC
_dDLC
_dEG-ScBUE
082 0 4 _a711.58
_bHOU
_222
245 0 0 _aTime-saver standards for housing and residential development /
_cedited by Joseph De Chiara, Julius Panero, Martin Zelnik.
250 _aSecond edition.
264 1 _aNew York :
_bMcGraw-Hill,
_c[1995]
264 4 _cc1995
300 _axiv, 1114 pages :
_billustrations ;
_c29 cm
336 _2rdacontent
_atext
_btxt
337 _2rdamedia
_aunmediated
_bn
338 _2rdacarrier
_avolume
_bnc
500 _aRev. ed. of: Time-saver standards for residential development. 1st ed. c1984.
504 _aIncludes bibliographical references and index.
650 7 _aHomesites
_xPlanning
_vHandbooks, manuals, etc.
_2BUEsh
_96907
650 7 _aDwellings
_xDesigns and plans
_vHandbooks, manuals, etc.
_2BUEsh
_96908
651 _2BUEsh
653 _bART
655 _vReading book
_934232
700 1 _aDe Chiara, Joseph,
_d1929-
_eeditor.
_96909
700 1 _aPanero, Julius,
_eeditor.
_96910
700 1 _aZelnik, Martin,
_d1939-
_eeditor.
_96911
730 0 _aTime-saver standards for residential development.
_96912
942 _2ddc
_cBB
999 _c12027
_d12027